Регионална библиотека "Любен Каравелов" - Русе

Отгласи от тътена (Запис номер 20248)

MARC детайли
000 -Лидер
Контролно поле с фиксирана дължина 01690nam a2200373 c 4500
003 - Код на организацията, давaща контролен номер
Контролно поле BLK
005 - Дата и час на последна редакция
Контролно поле 20250128005519.0
008 - Елементи от данни с фиксирана дължина
fixed length control field 180413b bul|||||r ||||||| ||bul||
010 ## - Наследен системен номер
LC control number KNG00022454000
020 ## - Международен стандартен номер на книга ISBN
Международен стандартен номер на книга ISBN 954-717-069-4
-- издат.: Дунав прес
040 ## - Източник на каталожния запис
Идентификатор на билиотеката - собственик на записа BLK
041 ## - Код за език
Код за езика на текст/звукозапис или на отделно заглавие Български
Код за езика КДБФ Български
080 ## - УДК
Текстов определител УДК Вътрешна политика. Вж и 329
УДК код - определител по УДК 323
УДК определител (497.2)
УДК - код + определител 323(497.2)
080 ## - УДК
Текстов определител УДК Трета българска държава (от 1878)
УДК код - определител по УДК 94(497.2)"1878..."
УДК определител
УДК - код + определител 94(497.2)"1878..."
080 ## - УДК
Текстов определител УДК Народна Република България (1946 - 1990)
УДК код - определител по УДК 94(497.2)"1946/1990"
УДК определител
УДК - код + определител 94(497.2)"1946/1990"
080 ## - УДК
Текстов определител УДК Организация на възпитанието и образованието. Училищно дело.
УДК код - определител по УДК 37.09
УДК определител (497.2)
УДК - код + определител 37.09(497.2)
100 1# - Редна дума - Автор
Автор Димитров, Илчо Иванов
Авторска отговорност първи автор
R(LIN) 365335
139 ## - Редно поле
Редна дума Димитров, Илчо Иванов
Авторски знак Дими - Д 58
245 10 - Сведения за заглавието
Заглавие Отгласи от тътена
Подзаглавни данни Полит. и ист. теми
Редно поле (дума) Илчо Иванов Димитров.
257 ## - Страна на издаване
Страна на създаване/издаване България
260 ## - Област на издателските данни
-- Русе
Име на издателя, разпространителя и проч. Дунав прес
Година на издаване 1998
300 ## - Физическа характеристика
Страници 384 с.
Размери/Мащаб 24 см
380 ## - Жанр
Жанр Обществени науки
500 ## - Общи забележки
Забележка Деп. списък: 22 ; 1 500 тир. - Геогр. руб.: България.
650 #0 - Допълнително описание по предмет – тема
Основно описание – тема или топоним Вътрешна политика - България
9 (RLIN) 249071
650 #0 - Допълнително описание по предмет – тема
Основно описание – тема или топоним България - история, нова
9 (RLIN) 241998
650 #4 - Допълнително описание по предмет – тема
Основно описание – тема или топоним Образование и просвета - България
9 (RLIN) 262383
852 ## - Местоположение
Форматна сигнатура Цб 197029
856 4# - Електронен адрес и достъп
Електронен формат pdf - файл
Път до файла /url/
856 4# - Електронен адрес и достъп
Електронен формат pdf - файл
Път до файла /url/
942 ## - АРТИКУЛИ
Вид на библиотечния материал Книги
Скрит в OPAC Не
944 ## - СЪЗДАВАНЕ И РЕДАКЦИЯ на ЗАПИСА
Създаване/Редакция Създаване
Дата на регистрацията/редакция 15.01.2003
Служител, извършил регистрацията/редакцията
Статус, дата на статуса CRON CRON
944 ## - СЪЗДАВАНЕ И РЕДАКЦИЯ на ЗАПИСА
Създаване/Редакция Редакция
Дата на регистрацията/редакция 15.01.2003
Служител, извършил регистрацията/редакцията
999 ## - СИСТЕМНИ КОНТРОЛНИ НОМЕРА
Koha biblionumber 20248
Koha biblioitemnumber 20248
Наличности
Код за отписване Код за изгубен артикул Източник на класификационната схема Код за повреда Коз за рестрикции Код за отдаване Артикулен № Име на библиотеката - собственик Име на библиотеката, в която се намира в момента Статус (Текущо местоположение) Дата на вписване в системата Местоположение - отдел Цена в лева Инвентарен номер Систематично азбучна сигнатура Баркод Номер на екземпляра Цена в евро Служебен тип на артикула Служебна бележка
  Не е изгубен Universal Decimal Classification Не е повреден без рестрикции ползва се в читалня 33612 Регионална библиотека "Любен Каравелов" Русе Регионална библиотека "Любен Каравелов" Русе Хранилище 2001-01-01 Хранилище 0.00 640762 Цб 197029 120000640762 1 0.00 Книги  
Изтеглен Не е изгубен Universal Decimal Classification Не е повреден без рестрикции заемане за дома 33613 Регионална библиотека "Любен Каравелов" Русе Регионална библиотека "Любен Каравелов" Русе Заемна - подръчен фонд 2001-01-01 Заемна - подръчен фонд 4.00 641258 П 323(497.2)/Д 58 641258 2 2.05 Книги Дата инв: 02.02.2018 Бележки инв: П2018
Vip Innovations Ltd, Rousse, Bulgaria 2025